Social movements among tribals: a sociological analysis of bhils of Rajasthan (Record no. 1462)

MARC details
000 -LEADER
fixed length control field 00599nam a2200193Ia 4500
020 ## - INTERNATIONAL STANDARD BOOK NUMBER
ISBN 81-7033-125-5
082 ## - DEWEY DECIMAL CLASSIFICATION NUMBER
Classification number 305.800954 JAI-;
100 ## - MAIN ENTRY--AUTHOR NAME
Personal name Jain, Prakash Chandra
245 #0 - TITLE STATEMENT
Title Social movements among tribals: a sociological analysis of bhils of Rajasthan
260 ## - PUBLICATION, DISTRIBUTION, ETC. (IMPRINT)
Place of publication New Delhi
Name of publisher Rawat Publications
Year of publication 1991
300 ## - PHYSICAL DESCRIPTION
Number of Pages x, 166p.
504 ## - BIBLIOGRAPHY, ETC. NOTE
Bibliography, etc Includes bibliography, Index
650 ## - SUBJECT ADDED ENTRY--TOPICAL TERM
Topical Term Social movements - Rajasthan
650 ## - SUBJECT ADDED ENTRY--TOPICAL TERM
Topical Term Bhil (Indic people) - Rajasthan
650 ## - SUBJECT ADDED ENTRY--TOPICAL TERM
Topical Term Ethnology - Rajasthan
650 ## - SUBJECT ADDED ENTRY--TOPICAL TERM
Topical Term Social conflict - Rajasthan
650 ## - SUBJECT ADDED ENTRY--TOPICAL TERM
Topical Term Tribes - Rajasthan
942 ## - ADDED ENTRY ELEMENTS (KOHA)
Koha item type Books
Holdings
Withdrawn status Lost status Damaged status Not for loan Home library Current library Date acquired Bill Date Full call number Accession Number Price effective from Koha item type
        NASSDOC Library NASSDOC Library 08/06/2004 2008-12-30 305.800954 JAI-; 31583 18/04/2019 Books